[Event "Nutcracker Rapid Youth"]
[Site "Moscow RUS"]
[Date "2018.12.21"]
[Round "1.1"]
[White "Murzin, Volodar"]
[Black "Obolentseva, Alexandra"]
[Result "1-0"]
[WhiteTitle "FM"]
[BlackTitle "WGM"]
[WhiteElo "2336"]
[BlackElo "2353"]
[WhiteTeam "Boys"]
[BlackTeam "Girls"]
[WhiteFideId "44155573"]
[BlackFideId "24153648"]
[EventDate "2018.12.21"]

1. e4 c5 2. Nf3 d6 3. d4 cxd4 4. Nxd4 Nf6 5. Nc3 a6 6. f3 Qb6 7. g4 Nc6 8. Nb3
h6 9. Qe2 e6 10. Be3 Qc7 11. f4 b5 12. a3 Bb7 13. Bg2 g6 14. O-O Bg7 15. h3 Nd7
16. Qf2 O-O 17. Rad1 b4 18. axb4 Nxb4 19. Qd2 Rfd8 20. Qxd6 Qxd6 21. Rxd6 Nxc2
22. Bf2 Bxc3 23. bxc3 Nf6 24. Rxd8+ Rxd8 25. Rc1 Na3 26. Bc5 Bxe4 27. Bxa3 Rd3
28. Nc5 Rg3 29. Nxe4 Nxe4 30. Bb4 1-0

[Event "Nutcracker Rapid Youth"]
[Site "Moscow RUS"]
[Date "2018.12.21"]
[Round "1.2"]
[White "Makoveev, Ilya"]
[Black "Dimitrova, Aleksandra"]
[Result "1/2-1/2"]
[WhiteTitle "FM"]
[BlackTitle "WIM"]
[WhiteElo "2257"]
[BlackElo "2233"]
[WhiteTeam "Boys"]
[BlackTeam "Girls"]
[WhiteFideId "34155748"]
[BlackFideId "24173371"]
[EventDate "2018.12.21"]

1. e4 c6 2. d4 d5 3. f3 e6 4. Nc3 Bb4 5. Qd3 b6 6. Ne2 Ba6 7. Qe3 Ne7 8. Bd2 O-O
9. O-O-O Nd7 10. Kb1 c5 11. a3 Bxc3 12. Bxc3 e5 13. dxc5 d4 14. Nxd4 Bxf1 15.
Rhxf1 exd4 16. Qxd4 Nf6 17. Qe5 Qe8 18. Qg3 Ng6 19. Bxf6 gxf6 20. h4 Qe5 21. f4
Qxe4 22. h5 bxc5 23. hxg6 hxg6 24. Qc3 Qc6 25. f5 g5 26. Rh1 Kg7 27. Rh5 Qxg2
28. Rd6 Qf1+ 29. Ka2 Qxf5 30. Rxf6 Qd5+ 31. b3 Qd4 32. Qf3 Qxf6 33. Rh7+ Kxh7
34. Qxf6 Rg8 35. Qxf7+ Rg7 36. Qf5+ Kh8 37. Qh3+ Kg8 38. Qe6+ Kh8 39. Qh6+ Kg8
40. Qe6+ Kh8 1/2-1/2

[Event "Nutcracker Rapid Youth"]
[Site "Moscow RUS"]
[Date "2018.12.21"]
[Round "1.3"]
[White "Goltseva, Ekaterina"]
[Black "Safin, Robert"]
[Result "1-0"]
[WhiteTitle "WFM"]
[WhiteElo "2153"]
[BlackElo "2121"]
[WhiteTeam "Girls"]
[BlackTeam "Boys"]
[WhiteFideId "24173770"]
[BlackFideId "34189120"]
[EventDate "2018.12.21"]

1. d4 Nf6 2. c4 g6 3. Nc3 Bg7 4. e4 d6 5. Be2 O-O 6. Bg5 h6 7. Be3 e5 8. d5 a5
9. Qd2 Kh7 10. h4 Ng4 11. Bxg4 Bxg4 12. f3 Bd7 13. h5 g5 14. g4 Na6 15. Nh3 f6
16. Nf2 Qe7 17. Nd3 b6 18. O-O Rfb8 19. Rab1 Nc5 20. b3 Qd8 21. a3 Qc8 22. Nf2
Qe8 23. b4 axb4 24. axb4 Na4 25. Ra1 Nxc3 26. Qxc3 Rb7 27. Ra3 Rba7 28. Rfa1
Rxa3 29. Rxa3 Bf8 30. c5 bxc5 31. bxc5 Rxa3 32. Qxa3 dxc5 33. Bxc5 Bxc5 34. Qxc5
Qd8 35. Kg2 Kg7 36. Nd3 Be8 37. Nb4 Qd6 38. Qc3 Bb5 39. Nc2 Qb6 40. Ne3 Qa7 41.
Nf5+ Kh7 42. Qb4 c6 43. dxc6 Bxc6 44. Qf8 Qd7 45. Qxh6+ Kg8 46. Qg6+ Kh8 47.
Qxf6+ Kh7 48. Qg6+ Kh8 49. Qh6+ Kg8 50. Qxg5+ Kh7 51. Qe7+ Qxe7 52. Nxe7 Bd7 53.
Ng6 Kh6 54. Nxe5 Be6 55. Kg3 Kg7 56. Kf4 Bb3 57. Nc6 Bd1 58. Nd4 Ba4 59. g5 Be8
60. Nf5+ Kh7 61. g6+ Kh8 62. Kg5 Kg8 63. e5 Kh8 64. Kf6 Bf7 65. gxf7 1-0

[Event "Nutcracker Rapid Youth"]
[Site "Moscow RUS"]
[Date "2018.12.21"]
[Round "1.4"]
[White "Bulatova, Kamaliya"]
[Black "Grebnev, Aleksey"]
[Result "0-1"]
[WhiteTitle "WFM"]
[WhiteElo "2007"]
[BlackElo "2040"]
[WhiteTeam "Girls"]
[BlackTeam "Boys"]
[WhiteFideId "34111546"]
[BlackFideId "34189030"]
[EventDate "2018.12.21"]

1. d4 Nf6 2. Bf4 c5 3. d5 Qb6 4. Bc1 g6 5. c4 Bg7 6. Nc3 d6 7. e4 O-O 8. Bd3 e6
9. Nf3 exd5 10. cxd5 Bg4 11. h3 Bxf3 12. Qxf3 Nbd7 13. Qe2 Rfe8 14. O-O a6 15.
Be3 Qc7 16. a4 c4 17. Bc2 b6 18. f3 Rac8 19. Qd2 Ne5 20. f4 Ned7 21. Rfe1 Qb8
22. Bf2 b5 23. axb5 axb5 24. Ra5 b4 25. Nb5 Nc5 26. Qxb4 Nfxe4 27. Bxe4 Nxe4 28.
Ba7 Qb7 29. Qa3 Qxd5 30. Nc3 Qc6 31. Ra6 Qb7 32. Nxe4 Rxe4 33. Rxe4 Qxe4 34.
Qxd6 Bxb2 35. Qd7 Re8 36. Ra4 Qe1+ 37. Kh2 c3 38. Bd4 Qe6 39. Qxe6 0-1

[Event "Nutcracker Rapid Youth"]
[Site "Moscow RUS"]
[Date "2018.12.21"]
[Round "2.1"]
[White "Dimitrova, Aleksandra"]
[Black "Murzin, Volodar"]
[Result "0-1"]
[WhiteTitle "WIM"]
[BlackTitle "FM"]
[WhiteElo "2233"]
[BlackElo "2336"]
[WhiteTeam "Girls"]
[BlackTeam "Boys"]
[WhiteFideId "24173371"]
[BlackFideId "44155573"]
[EventDate "2018.12.21"]

1. e4 c5 2. Nf3 d6 3. d4 cxd4 4. Nxd4 Nf6 5. Nc3 a6 6. h4 Nc6 7. h5 h6 8. Be3 e5
9. Nxc6 bxc6 10. Bc4 Be7 11. f3 O-O 12. Qd2 Be6 13. Bxe6 fxe6 14. Na4 d5 15. Bc5
Nd7 16. Bxe7 Qxe7 17. O-O-O Rab8 18. a3 d4 19. Qe2 Rb5 20. Qc4 Nb6 21. Nxb6 Rxb6
22. c3 Rfb8 23. Rd2 Qg5 24. b4 a5 25. f4 exf4 26. Qxe6+ Kh8 27. Qf5 Qg3 28. Rh3
Qe1+ 29. Rd1 Qe2 30. Rd2 Qf1+ 31. Kc2 dxc3 32. Rxc3 axb4 33. Rcd3 Rg8 34. Qc5
Rb5 35. Qxc6 Rbb8 36. Rd7 bxa3 37. Rxg7 Qb1+ 38. Kc3 Qa1+ 0-1

[Event "Nutcracker Rapid Youth"]
[Site "Moscow RUS"]
[Date "2018.12.21"]
[Round "2.2"]
[White "Goltseva, Ekaterina"]
[Black "Makoveev, Ilya"]
[Result "0-1"]
[WhiteTitle "WFM"]
[BlackTitle "FM"]
[WhiteElo "2153"]
[BlackElo "2257"]
[WhiteTeam "Girls"]
[BlackTeam "Boys"]
[WhiteFideId "24173770"]
[BlackFideId "34155748"]
[EventDate "2018.12.21"]

1. Nf3 Nf6 2. c4 e6 3. d4 b6 4. g3 Ba6 5. Nbd2 c5 6. Bg2 Bb7 7. O-O cxd4 8. Nxd4
Bxg2 9. Kxg2 d5 10. N2f3 Be7 11. cxd5 Qxd5 12. Qa4+ Nbd7 13. Rd1 Qe4 14. b3 Rc8
15. Ba3 e5 16. Bxe7 Kxe7 17. Qa3+ Rc5 18. b4 Rd5 19. b5+ Nc5 20. Nc6+ Ke6 21.
Qxa7 Nfd7 22. Qa3 f6 23. Rxd5 Qxd5 24. Qb4 Kf7 25. Kg1 Ra8 26. Qd2 Qxd2 27. Nxd2
Ra4 28. f3 Nf8 29. Kf2 Nfe6 30. Ke3 Nc7 31. Rb1 Nd5+ 32. Kf2 Rxa2 33. Nc4 Nc3
34. Rb2 Nd1+ 0-1

[Event "Nutcracker Rapid Youth"]
[Site "Moscow RUS"]
[Date "2018.12.21"]
[Round "2.3"]
[White "Safin, Robert"]
[Black "Bulatova, Kamaliya"]
[Result "1-0"]
[BlackTitle "WFM"]
[WhiteElo "2121"]
[BlackElo "2007"]
[WhiteTeam "Boys"]
[BlackTeam "Girls"]
[WhiteFideId "34189120"]
[BlackFideId "34111546"]
[EventDate "2018.12.21"]

1. d4 Nf6 2. c4 e6 3. g3 d5 4. Bg2 dxc4 5. Nf3 Bb4+ 6. Bd2 c5 7. Bxb4 cxb4 8.
Ne5 O-O 9. a3 Nd5 10. Nxc4 Nc6 11. axb4 Ndxb4 12. e3 Qc7 13. O-O Rd8 14. Qb3 Nd5
15. Nc3 Rb8 16. Rfc1 Qe7 17. Na5 Ndb4 18. Nxc6 bxc6 19. Qa3 c5 20. dxc5 Qxc5 21.
Qxa7 Qxa7 22. Rxa7 Ba6 23. Ra1 g6 24. h4 Rd2 25. b3 Rb2 26. R7xa6 Nxa6 27. Rxa6
R2xb3 28. Ne4 Kg7 29. Ra7 Rb1+ 30. Kh2 R1b7 31. Ra3 Rb2 32. g4 R8b3 33. Ra7 Rb7
34. Rxb7 Rxb7 35. Kg3 Rc7 36. Nd6 Rd7 37. Nc4 f6 38. Na5 Rd2 39. Nc6 e5 40. Ne7
Kf7 41. Nd5 f5 42. Nc3 Rc2 43. Nb5 Ke6 44. Na3 Rc3 45. Nb1 Rc4 46. gxf5+ gxf5
47. Bh3 Kf6 48. Nd2 Rc2 49. Nf3 Rc4 50. Nh2 h6 51. Nf3 Rc3 52. Bf1 f4+ 53. Kg2
fxe3 54. fxe3 Rxe3 55. Kf2 Ra3 56. Ne1 e4 57. Be2 Ke5 58. Nc2 Rh3 59. h5 Rh2+
60. Ke3 Rh3+ 1-0

[Event "Nutcracker Rapid Youth"]
[Site "Moscow RUS"]
[Date "2018.12.21"]
[Round "2.4"]
[White "Grebnev, Aleksey"]
[Black "Obolentseva, Alexandra"]
[Result "0-1"]
[BlackTitle "WGM"]
[WhiteElo "2040"]
[BlackElo "2353"]
[WhiteTeam "Boys"]
[BlackTeam "Girls"]
[WhiteFideId "34189030"]
[BlackFideId "24153648"]
[EventDate "2018.12.21"]

1. e4 c5 2. Nf3 d6 3. d4 cxd4 4. Nxd4 Nf6 5. Nc3 a6 6. h3 e5 7. Nde2 h5 8. Bg5
Be6 9. g3 b5 10. Bg2 Be7 11. O-O O-O 12. Qd2 b4 13. Nd1 Nc6 14. Ne3 Qb6 15. Nd5
Bxd5 16. exd5 Na5 17. b3 Nb7 18. Rad1 Nc5 19. Qe3 Qc7 20. Kh1 Rfe8 21. c3 a5 22.
Qf3 e4 23. Qe3 Qb7 24. Nf4 Ng4 25. hxg4 Bxg5 26. gxh5 Re5 27. c4 Qd7 28. Kg1 Qf5
29. f3 exf3 30. Qxf3 Rae8 31. Nh3 Be3+ 32. Kh1 Qxh5 33. Qxh5 Rxh5 34. Rde1 Nd3
35. Re2 Rhe5 36. Rf3 Nc5 37. Bf1 Bd4 38. Nf4 Ne4 39. Kg2 Nc3 40. Rc2 Re1 41. Rd3
Bc5 42. Rcxc3 bxc3 43. Rxc3 Ra1 44. Rc2 Ree1 45. Be2 g5 46. Nd3 Rg1+ 47. Kf3 Bd4
48. c5 dxc5 49. Nxc5 Be5 50. Nb7 f5 51. d6 g4+ 52. Ke3 Rxg3+ 53. Kf2 f4 54. Bc4+
Kg7 55. d7 Bd4+ 56. Ke2 f3+ 57. Kd3 Rd1+ 58. Ke4 Bb6 59. Bd3 Rxd3 60. Kxd3 f2+
61. Ke2 Rg1 0-1

[Event "Nutcracker Rapid Youth"]
[Site "Moscow RUS"]
[Date "2018.12.21"]
[Round "3.1"]
[White "Murzin, Volodar"]
[Black "Goltseva, Ekaterina"]
[Result "1/2-1/2"]
[WhiteTitle "FM"]
[BlackTitle "WFM"]
[WhiteElo "2336"]
[BlackElo "2153"]
[WhiteTeam "Boys"]
[BlackTeam "Girls"]
[WhiteFideId "44155573"]
[BlackFideId "24173770"]
[EventDate "2018.12.21"]

1. e4 e5 2. Nf3 Nc6 3. Bc4 Nf6 4. d3 Be7 5. O-O O-O 6. Re1 d6 7. a4 Be6 8. Nbd2
Qd7 9. a5 Bxc4 10. Nxc4 b5 11. Ne3 d5 12. Nf5 dxe4 13. dxe4 Qxd1 14. Nxe7+ Nxe7
15. Rxd1 Nc6 16. Re1 h6 17. c3 a6 18. Nd2 Rfd8 19. f3 b4 20. Nc4 bxc3 21. bxc3
Rab8 22. Ra3 Rb5 23. Be3 Ne8 24. Kf1 Nd6 25. Ra4 Nb7 26. Rea1 Rd3 27. R4a3 Nbxa5
28. Nxa5 Nxa5 29. Rxa5 Rxe3 30. c4 Rb2 31. R1a2 Rxa2 32. Rxa2 Rc3 33. Rxa6 Rxc4
34. Ra2 Kf8 35. Ke2 Ke7 36. Kd3 Rb4 37. h4 Kd6 38. h5 Rb6 39. Ra8 Rb2 40. g4
Rb3+ 41. Ke2 Ke6 42. Ra6+ Rb6 43. Ra7 Kd6 44. Ra8 Ke6 45. Re8+ Kf6 46. Kf2 Rb3
47. Kg3 Rc3 48. Ra8 Rc6 49. Ra5 Rc3 50. Ra6+ Ke7 51. Ra8 Kf6 52. Ra6+ c6 53. Ra8
Rc2 54. Rb8 Rc1 55. Ra8 g6 56. hxg6 Kxg6 57. Rg8+ Kf6 58. Rh8 Kg7 59. Re8 f6 60.
Kf2 Rc2+ 61. Ke3 Rc3+ 62. Ke2 Kf7 63. Rh8 Kg7 64. Rc8 Rc1 65. Kd2 Rf1 66. Ke2
Rc1 67. Kd2 Rc4 68. Kd3 Rc1 69. Kd2 Rc4 70. Kd3 Rc1 71. Kd2 1/2-1/2

[Event "Nutcracker Rapid Youth"]
[Site "Moscow RUS"]
[Date "2018.12.21"]
[Round "3.2"]
[White "Makoveev, Ilya"]
[Black "Bulatova, Kamaliya"]
[Result "1-0"]
[WhiteTitle "FM"]
[BlackTitle "WFM"]
[WhiteElo "2257"]
[BlackElo "2007"]
[WhiteTeam "Boys"]
[BlackTeam "Girls"]
[WhiteFideId "34155748"]
[BlackFideId "34111546"]
[EventDate "2018.12.21"]

1. d4 Nf6 2. Nf3 e6 3. c4 d5 4. g3 dxc4 5. Bg2 Bd7 6. O-O Bc6 7. Nbd2 b5 8. Qc2
Be7 9. e4 O-O 10. Re1 Bb7 11. b3 cxb3 12. Nxb3 a5 13. Bd2 b4 14. Ng5 h6 15. e5
hxg5 16. exf6 Bxf6 17. Bxb7 Ra7 18. Bg2 a4 19. Nc5 Bxd4 20. Rad1 b3 21. axb3 Qf6
22. Ne4 Qg6 23. bxa4 c5 24. Be3 e5 25. Bxd4 cxd4 26. Qc5 Rxa4 27. Qxe5 Nc6 28.
Qxg5 Qxg5 29. Nxg5 Na5 30. Bd5 Rd8 31. Bxf7+ Kh8 32. Re4 1-0

[Event "Nutcracker Rapid Youth"]
[Site "Moscow RUS"]
[Date "2018.12.21"]
[Round "3.3"]
[White "Obolentseva, Alexandra"]
[Black "Safin, Robert"]
[Result "1-0"]
[WhiteTitle "WGM"]
[WhiteElo "2353"]
[BlackElo "2121"]
[WhiteTeam "Girls"]
[BlackTeam "Boys"]
[WhiteFideId "24153648"]
[BlackFideId "34189120"]
[EventDate "2018.12.21"]

1. d4 Nf6 2. c4 g6 3. Nc3 Bg7 4. e4 d6 5. Nf3 O-O 6. Be2 e5 7. O-O Nc6 8. d5 Ne7
9. b4 Nh5 10. c5 f5 11. Bc4 Nf6 12. Nd2 Kh8 13. a4 f4 14. Be2 g5 15. f3 Rg8 16.
g4 fxg3 17. hxg3 g4 18. fxg4 Bh6 19. Rxf6 Bg5 20. Rf7 dxc5 21. bxc5 Be3+ 22. Kg2
Bxc5 23. Nb3 Bb4 24. Qh1 Rg7 25. Rxg7 Kxg7 26. Qh6+ Kg8 27. Bg5 Bxc3 28. Rh1 Kf7
29. Qh5+ Kf8 30. Bh6+ Kg8 31. Qg5+ Kf7 32. Rf1+ 1-0

[Event "Nutcracker Rapid Youth"]
[Site "Moscow RUS"]
[Date "2018.12.21"]
[Round "3.4"]
[White "Dimitrova, Aleksandra"]
[Black "Grebnev, Aleksey"]
[Result "1-0"]
[WhiteTitle "WIM"]
[WhiteElo "2233"]
[BlackElo "2040"]
[WhiteTeam "Girls"]
[BlackTeam "Boys"]
[WhiteFideId "24173371"]
[BlackFideId "34189030"]
[EventDate "2018.12.21"]

1. e4 e6 2. d4 d5 3. Nc3 Bb4 4. e5 c5 5. a3 Bxc3+ 6. bxc3 Qc7 7. h4 Ne7 8. h5 h6
9. Rb1 cxd4 10. cxd4 Qc3+ 11. Qd2 Qxd2+ 12. Bxd2 Nbc6 13. Nf3 b6 14. Bd3 Bd7 15.
g4 f6 16. Bc3 O-O-O 17. Bb2 Rhf8 18. Ke2 Kb7 19. Ke3 Rc8 20. Nd2 Na5 21. f4 a6
22. Bc1 Ka7 23. Nf3 Ba4 24. Rh2 Nc4+ 25. Ke2 Bb5 26. Rg2 Nc6 27. Bxc4 dxc4 28.
c3 Ne7 29. Bd2 Bc6 30. exf6 gxf6 31. Re1 Nd5 32. Kf2 Nc7 33. Rg3 Bd5 34. f5 exf5
35. gxf5 Rf7 36. Rg6 Nb5 37. Rxh6 Nd6 38. Rg6 Nxf5 39. Bf4 Bxf3 40. Kxf3 Ne7 41.
Rg2 Nd5 42. Bd2 Kb7 43. h6 b5 44. Rg7 Rxg7 45. hxg7 Rg8 46. Rg1 Kc6 47. Ke4 Ne7
48. d5+ Kd7 49. Bf4 Ke8 50. d6 Nc6 51. Kd5 Nd8 52. Re1+ Kf7 53. d7 Kxg7 54. Rg1+
Kf7 55. Rxg8 Kxg8 56. Bc7 Nf7 57. Ke6 Kg7 58. d8=Q Nxd8+ 59. Bxd8 Kg6 60. Bxf6
a5 61. Bd4 b4 62. cxb4 axb4 63. axb4 1-0

[Event "Nutcracker Rapid Youth"]
[Site "Moscow RUS"]
[Date "2018.12.21"]
[Round "4.1"]
[White "Bulatova, Kamaliya"]
[Black "Murzin, Volodar"]
[Result "0-1"]
[WhiteTitle "WFM"]
[BlackTitle "FM"]
[WhiteElo "2007"]
[BlackElo "2336"]
[WhiteTeam "Girls"]
[BlackTeam "Boys"]
[WhiteFideId "34111546"]
[BlackFideId "44155573"]
[EventDate "2018.12.21"]

1. d4 Nf6 2. Bf4 c5 3. e3 g6 4. c3 Bg7 5. h3 O-O 6. dxc5 a5 7. Nd2 Na6 8. Bxa6
Rxa6 9. e4 Re6 10. f3 Nd5 11. Ne2 Nxf4 12. Nxf4 Rc6 13. Nd3 b6 14. cxb6 Qxb6 15.
Qe2 Ba6 16. Nb3 a4 17. Nd4 Bxd4 18. cxd4 Qxd4 19. Rd1 Rd6 20. e5 Rd5 21. Nf4
Qb4+ 22. Rd2 Qxf4 0-1

[Event "Nutcracker Rapid Youth"]
[Site "Moscow RUS"]
[Date "2018.12.21"]
[Round "4.2"]
[White "Obolentseva, Alexandra"]
[Black "Makoveev, Ilya"]
[Result "0-1"]
[WhiteTitle "WGM"]
[BlackTitle "FM"]
[WhiteElo "2353"]
[BlackElo "2257"]
[WhiteTeam "Girls"]
[BlackTeam "Boys"]
[WhiteFideId "24153648"]
[BlackFideId "34155748"]
[EventDate "2018.12.21"]

1. d4 Nf6 2. c4 g6 3. Nc3 d5 4. Nf3 Bg7 5. e3 O-O 6. cxd5 Nxd5 7. Bc4 Nxc3 8.
bxc3 c5 9. O-O Qc7 10. Qe2 Nc6 11. Rd1 b6 12. e4 cxd4 13. cxd4 Bg4 14. Be3 Bxf3
15. gxf3 Qd7 16. Rac1 Nxd4 17. Bxd4 Bxd4 18. Bb5 Qd6 19. Rc6 Qe5 20. f4 Qg7 21.
e5 Rad8 22. Rc7 Qh6 23. Qg4 e6 24. Rxa7 Rd5 25. Bc4 Bxf2+ 26. Kxf2 Rxd1 27. h3
Rd4 0-1

[Event "Nutcracker Rapid Youth"]
[Site "Moscow RUS"]
[Date "2018.12.21"]
[Round "4.3"]
[White "Safin, Robert"]
[Black "Dimitrova, Aleksandra"]
[Result "1/2-1/2"]
[BlackTitle "WIM"]
[WhiteElo "2121"]
[BlackElo "2233"]
[WhiteTeam "Boys"]
[BlackTeam "Girls"]
[WhiteFideId "34189120"]
[BlackFideId "24173371"]
[EventDate "2018.12.21"]

1. d4 Nf6 2. c4 e6 3. g3 d5 4. Nf3 dxc4 5. Bg2 Bd7 6. Ne5 Bc6 7. Nxc6 Nxc6 8. e3
Qd7 9. O-O O-O-O 10. Nd2 e5 11. Nxc4 exd4 12. Qb3 Nd5 13. Rd1 Bc5 14. Ne5 Nxe5
15. exd4 Nb6 16. Be3 Bxd4 17. Bxd4 Qf5 18. h3 Rd6 19. Bxe5 Qxe5 20. Rxd6 Qxd6
21. Qxf7 Qe5 22. Rc1 c6 23. b4 Rd8 24. Qf3 Kb8 25. Kh2 h5 26. Rc2 h4 27. Re2 Qc7
28. Qg4 hxg3+ 29. fxg3 a6 30. Qg5 Rd7 31. h4 Nd5 32. Re8+ Ka7 33. a3 Qb6 34. Qe5
Qf2 35. Qe2 Qxe2 36. Rxe2 Kb6 37. Bf1 a5 38. bxa5+ Kxa5 39. Re4 b5 40. Kh3 c5
41. Re5 c4 42. Bg2 Nc3 43. Rc5 Re7 44. h5 Ka4 45. Bc6 Kxa3 46. Bxb5 Nxb5 47.
Rxc4 Kb3 48. Rc6 Nd4 49. Rb6+ 1/2-1/2

[Event "Nutcracker Rapid Youth"]
[Site "Moscow RUS"]
[Date "2018.12.21"]
[Round "4.4"]
[White "Grebnev, Aleksey"]
[Black "Goltseva, Ekaterina"]
[Result "1/2-1/2"]
[BlackTitle "WFM"]
[WhiteElo "2040"]
[BlackElo "2153"]
[WhiteTeam "Boys"]
[BlackTeam "Girls"]
[WhiteFideId "34189030"]
[BlackFideId "24173770"]
[EventDate "2018.12.21"]

1. e4 e6 2. d4 d5 3. exd5 exd5 4. Nf3 Nf6 5. Bd3 Bd6 6. Qe2+ Qe7 7. Qxe7+ Bxe7
8. Bf4 c6 9. Nbd2 Nh5 10. Bc7 Be6 11. O-O-O Nd7 12. h3 Rc8 13. Bh2 h6 14. Rhe1
Nhf6 15. Kb1 O-O 16. Ne5 c5 17. Ng6 Rfe8 18. Nxe7+ Rxe7 19. dxc5 Nxc5 20. Bb5
Ncd7 21. Nb3 a6 22. Bxd7 Nxd7 23. Nd4 Ree8 24. f3 Nb6 25. Re2 Bd7 26. Rde1 Rxe2
27. Rxe2 Re8 28. Rxe8+ Bxe8 29. Nf5 Bc6 30. b3 f6 31. Kb2 Kf7 32. Kc3 Nc8 33.
Kd4 Ne7 34. Ne3 Ke6 35. g4 g6 36. a4 f5 1/2-1/2

[Event "Nutcracker Rapid Youth"]
[Site "Moscow RUS"]
[Date "2018.12.22"]
[Round "5.1"]
[White "Murzin, Volodar"]
[Black "Bulatova, Kamaliya"]
[Result "1/2-1/2"]
[WhiteTitle "FM"]
[BlackTitle "WFM"]
[WhiteElo "2336"]
[BlackElo "2007"]
[WhiteTeam "Boys"]
[BlackTeam "Girls"]
[WhiteFideId "44155573"]
[BlackFideId "34111546"]
[EventDate "2018.12.21"]

1. e4 c5 2. Nf3 d6 3. d4 cxd4 4. Nxd4 Nf6 5. f3 e5 6. Nb3 Be6 7. c4 Nbd7 8. Nc3
Rc8 9. Be3 Bxc4 10. Bxc4 Rxc4 11. Qd3 Rc6 12. O-O-O h5 13. Kb1 a6 14. g3 Be7 15.
h4 b5 16. Nd5 Nxd5 17. Qxd5 Rc8 18. Rc1 Rxc1+ 19. Rxc1 O-O 20. Bd2 Nb6 21. Qb7
Nc4 22. Qxa6 Qd7 23. Bb4 Rc8 24. Na5 d5 25. Nxc4 Bxb4 26. Nxe5 Rxc1+ 27. Kxc1
Qc7+ 28. Nc6 dxe4 29. fxe4 Qxg3 30. Qc8+ Kh7 31. Qf5+ Kg8 32. Qc8+ Kh7 33. Qf5+
Kg8 1/2-1/2

[Event "Nutcracker Rapid Youth"]
[Site "Moscow RUS"]
[Date "2018.12.22"]
[Round "5.2"]
[White "Makoveev, Ilya"]
[Black "Obolentseva, Alexandra"]
[Result "0-1"]
[WhiteTitle "FM"]
[BlackTitle "WGM"]
[WhiteElo "2257"]
[BlackElo "2353"]
[WhiteTeam "Boys"]
[BlackTeam "Girls"]
[WhiteFideId "34155748"]
[BlackFideId "24153648"]
[EventDate "2018.12.21"]

1. e4 c5 2. Nf3 d6 3. d4 cxd4 4. Nxd4 Nf6 5. Nc3 a6 6. f3 Qb6 7. Nb3 e6 8. Qe2
d5 9. Be3 Qc7 10. O-O-O dxe4 11. Nxe4 Nxe4 12. fxe4 Be7 13. Kb1 O-O 14. Qf2 b5
15. Bb6 Qe5 16. Bd4 Qg5 17. h4 Qg6 18. h5 Qg5 19. Rh3 e5 20. Rg3 Qf6 21. Rf3 Qd6
22. Qg3 exd4 23. e5 Qe6 24. Nxd4 Qg4 25. Qf2 Qxh5 26. Bd3 Bg4 27. Be4 Ra7 28.
Nf5 Bxf3 29. gxf3 Rc7 30. Qb6 Rd7 31. Rg1 g6 32. e6 fxe6 33. Qxe6+ Rf7 34. Bd5
Bf8 35. Bb3 Qh2 36. Qe3 Qd2 37. Bxf7+ Kxf7 38. Qb3+ Qd5 39. Qxd5+ Rxd5 40. Ne3
Re5 41. Ng4 Rf5 42. Rd1 h5 43. Nh2 Bg7 44. c3 Be5 45. Nf1 Rxf3 46. Kc2 h4 47.
Kd2 h3 48. Ke2 Rf6 49. Rd3 h2 50. Rh3 Re6 51. Kf3 Nc6 52. Nxh2 Bxh2 53. Rxh2 b4
54. Rc2 Kf6 55. Kf2 g5 56. b3 Re5 57. cxb4 Nxb4 58. Rd2 Rd5 59. Re2 Kf5 60. a3
Nd3+ 61. Kg3 Nf4 62. Rb2 Rd3+ 63. Kf2 g4 64. a4 g3+ 65. Ke1 g2 66. Kf2 Rd1 0-1

[Event "Nutcracker Rapid Youth"]
[Site "Moscow RUS"]
[Date "2018.12.22"]
[Round "5.3"]
[White "Dimitrova, Aleksandra"]
[Black "Safin, Robert"]
[Result "0-1"]
[WhiteTitle "WIM"]
[WhiteElo "2233"]
[BlackElo "2121"]
[WhiteTeam "Girls"]
[BlackTeam "Boys"]
[WhiteFideId "24173371"]
[BlackFideId "34189120"]
[EventDate "2018.12.21"]

1. e4 c5 2. Nf3 Nc6 3. d4 cxd4 4. Nxd4 Nf6 5. Nc3 e5 6. Ndb5 d6 7. Bg5 a6 8. Na3
b5 9. Nd5 Be7 10. Bxf6 Bxf6 11. c4 b4 12. Nc2 a5 13. g3 O-O 14. h4 Be6 15. Qd2
Bxd5 16. cxd5 Nb8 17. Bb5 Nd7 18. Bc6 Rb8 19. b3 Nc5 20. Qe2 g6 21. f3 Bg7 22.
Ne3 f5 23. Nc4 Qc7 24. h5 Rf6 25. hxg6 hxg6 26. Nd2 Rbf8 27. O-O-O a4 28. Kb1
axb3 29. axb3 Qa7 30. Rh2 Qa3 31. Qc4 fxe4 32. fxe4 Rf2 33. Rxf2 Rxf2 34. Qc2
Bh6 35. Nc4 Rxc2 36. Nxa3 Re2 37. Nc4 Nxe4 38. Rh1 Nc3+ 0-1

[Event "Nutcracker Rapid Youth"]
[Site "Moscow RUS"]
[Date "2018.12.22"]
[Round "5.4"]
[White "Goltseva, Ekaterina"]
[Black "Grebnev, Aleksey"]
[Result "1-0"]
[WhiteTitle "WFM"]
[WhiteElo "2153"]
[BlackElo "2040"]
[WhiteTeam "Girls"]
[BlackTeam "Boys"]
[WhiteFideId "24173770"]
[BlackFideId "34189030"]
[EventDate "2018.12.21"]

1. d4 Nf6 2. c4 g6 3. Nc3 Bg7 4. e4 d6 5. Be2 O-O 6. Bg5 Nbd7 7. Qd2 e5 8. d5
Nc5 9. f3 h6 10. Be3 a5 11. g4 h5 12. h3 Bd7 13. O-O-O Kh7 14. Bd3 c6 15. dxc6
bxc6 16. Bc2 Nb7 17. c5 Nxc5 18. Qxd6 Nb7 19. Qd2 Be6 20. Qxd8 Rfxd8 21. Nge2
Rxd1+ 22. Rxd1 Rd8 23. Rxd8 Nxd8 24. Bb6 Nb7 25. Ba4 Bd7 26. Kc2 Ne8 27. Nd5 Bf8
28. Nec3 Kh6 29. Be3+ Kg7 30. Nb6 Be6 31. Bxc6 Ned6 32. Bd5 Bxd5 33. Ncxd5 hxg4
34. hxg4 f5 35. Kd3 Kf7 36. Nd7 Bg7 37. Nc5 fxe4+ 38. fxe4 Nd8 39. Nb3 Nc6 40.
Bb6 Nb7 41. Kc4 Bf8 42. Bc7 Ke6 43. Kb5 Kd7 44. Nxa5 Ncxa5 45. Bxa5 Nd6+ 46. Ka6
Nxe4 47. b4 Kc6 48. Ne3 Nc3 49. Nc4 e4 50. Ne5+ Kd5 51. Nxg6 e3 52. b5 Ne4 53.
Nxf8 e2 54. Ng6 Kd4 55. Nf4 Ke3 56. Nxe2 Kxe2 57. b6 1-0

[Event "Nutcracker Rapid Youth"]
[Site "Moscow RUS"]
[Date "2018.12.22"]
[Round "6.1"]
[White "Goltseva, Ekaterina"]
[Black "Murzin, Volodar"]
[Result "1/2-1/2"]
[WhiteTitle "WFM"]
[BlackTitle "FM"]
[WhiteElo "2153"]
[BlackElo "2336"]
[WhiteTeam "Girls"]
[BlackTeam "Boys"]
[WhiteFideId "24173770"]
[BlackFideId "44155573"]
[EventDate "2018.12.21"]

1. d4 Nf6 2. c4 g6 3. Nc3 Bg7 4. e4 O-O 5. Be2 d6 6. Nf3 e5 7. O-O Nc6 8. d5 Ne7
9. b4 a5 10. Ba3 axb4 11. Bxb4 Nd7 12. a4 h6 13. a5 f5 14. Nd2 Rf7 15. Nb3 fxe4
16. Nxe4 Nf5 17. c5 Nf6 18. Nc3 Bf8 19. cxd6 cxd6 20. Na4 Bd7 21. Nb6 Rb8 22.
Rc1 Be8 23. Qd3 Rc7 24. Rxc7 Qxc7 25. Rc1 Qd8 26. Bf3 Bf7 27. Be4 Nxe4 28. Qxe4
h5 29. Qc4 Be7 30. Nd2 Be8 31. Ne4 Nd4 32. Kh1 Nb5 33. Qd3 Nd4 34. Qc4 Nb5 35.
Qd3 Nd4 36. Qc4 Nb5 37. Qc8 Rxc8 38. Rxc8 Bf7 39. Rxd8+ Bxd8 40. Nxd6 Nxd6 41.
Bxd6 Bxb6 42. axb6 Bxd5 43. Bxe5 Kf7 44. f3 Ke6 45. Bc7 Kf5 46. Kg1 Bc6 47. Kf2
g5 48. Kg3 g4 49. fxg4+ hxg4 50. Bd6 Bd5 1/2-1/2